Central Library OPAC University of Rajshahi

Kant's Critique of pure reason / (Record no. 31222)

MARC details
000 -LEADER
fixed length control field 01033nam a2200301 a 4500
001 - CONTROL NUMBER
control field 31222
003 - CONTROL NUMBER IDENTIFIER
rucl marc code BD-RjUL
005 - DATE AND TIME OF LATEST TRANSACTION
control field 20211209051656.0
008 - FIXED-LENGTH DATA ELEMENTS--GENERAL INFORMATION
fixed length control field 140413s1958 enk b 001 0 eng d
035 ## - SYSTEM CONTROL NUMBER
System control number (BD-RjUL )31309
System control number (OCoLC)372133
040 ## - CATALOGING SOURCE
Original cataloging agency UkOxU
Language of cataloging eng
Transcribing agency UkOxU
Modifying agency BD-RjUL
041 ## - LANGUAGE CODE
Language code of text/sound track or separate title eng
082 00 - DEWEY DECIMAL CLASSIFICATION NUMBER
Classification number 121
Author mark and year WEK 1968
100 1# - MAIN ENTRY--PERSONAL NAME
Personal name Weldon, T. D.
Fuller form of name (Thomas Dewar)
9 (RLIN) 94989
245 10 - TITLE STATEMENT
Title Kant's Critique of pure reason /
Statement of responsibility, etc. by T.D. Weldon.
250 ## - EDITION STATEMENT
Edition statement 2nd ed.
260 ## - PUBLICATION, DISTRIBUTION, ETC. (IMPRINT)
Place of publication, distribution, etc. Oxford :
Name of publisher, distributor, etc. Clarendon Press,
Date of publication, distribution, etc. 1968.
300 ## - PHYSICAL DESCRIPTION
Pagination xi, 331 p. ;
Size 23 cm.
500 ## - GENERAL NOTE
General note Previous ed. published in 1945 under title: Introduction to Kant's Critique of pure reason.
General note Includes bibliographical footnotes and index.
600 10 - SUBJECT ADDED ENTRY--PERSONAL NAME
Personal name Kant, Immanuel,
Dates associated with a name 1724-1804.
700 1# - ADDED ENTRY--PERSONAL NAME
Personal name Weldon, T. D.
Fuller form of name (Thomas Dewar).
942 ## - ADDED ENTRY ELEMENTS (KOHA)
Source of classification or shelving scheme Dewey Decimal Classification
Koha item type Books
Holdings
Lost status Source of classification or shelving scheme Damaged status Not for loan Permanent Location Current Location Shelving location Date acquired Source of acquisition Cost, normal purchase price Total Checkouts Full call number Date last seen Copy number Koha item type
  Dewey Decimal Classification   Not For Loan Central Library, University of Rajshahi Central Library, University of Rajshahi Reading Room 17/02/1973 Britain 0.00   121 WEK 1968 13/04/2014 C-1 Books